| 000 | 00956cam a2200289 a 4500 | ||
|---|---|---|---|
| 001 | 000005313 | ||
| 005 | 20250218125614.0 | ||
| 008 | 921123s2001 sp 000 f spa | ||
| 020 | _a8466300651 | ||
| 040 |
_aDO-SdBNP _bspa _cBNPHU |
||
| 041 | 1 | 7 |
_aspa _hpor _2Código de idioma MARC |
| 082 |
_aB869.34 _bS243ev, 2001 |
||
| 100 | 1 |
_aSaramago, José, _d1922-2010 _912950 |
|
| 240 | 1 | 0 |
_aO Evangelho segundo Jesucristo. _lEspañol |
| 245 | 1 | 0 |
_aEvangelio según Jesucristo / _cJosé Saramago ; traducción, Basilio Losada. |
| 250 | _a5a ed. | ||
| 260 |
_a[Madrid] : _bSuma de Letras, _c2001. |
||
| 300 |
_a514 p. ; _c22 cm. |
||
| 490 | 1 |
_aPunto de lectura _v8/3 |
|
| 534 |
_pTítulo original: _tO Evangelho segundo Jesucristo |
||
| 650 | 4 |
_aNovela portuguesa _912951 |
|
| 650 | 4 |
_aLiteratura portuguesa _912952 |
|
| 700 | 1 |
_aLosada, Basilio, _etr. _912953 |
|
| 830 | 0 |
_aPunto de lectura ; _v8/3 _93047 |
|
| 910 | _aCatalogación derivada | ||
| 910 | _aWM | ||
| 999 |
_c5114 _d5114 |
||